[Event "NB2 Barcza csoport"]
[Site "Fehergyarmat"]
[Date "2024.11.03"]
[Round "1.3"]
[White "Menyhart, Tibor"]
[Black "Egeto, Janos-Lehel"]
[Result "1/2-1/2"]
[WhiteElo "1992"]
[BlackElo "2020"]
[PlyCount "83"]
[EventDate "2024.11.03"]
[EventType "team-tourn"]
[EventRounds "9"]
[EventCountry "HUN"]
[Source "chess.hu"]
[SourceDate "2024.11.04"]
[WhiteTeam "DEAC-Debr.Sakkiskola"]
[BlackTeam "Fehergyarmati SE"]
[WhiteTeamCountry "HUN"]
[BlackTeamCountry "HUN"]

1. d4 Nf6 2. c4 e6 3. a3 d5 4. Nc3 c6 5. e3 Be7 6. Nf3 O-O 7. Qc2 Nbd7 8. Bd3
dxc4 9. Bxc4 c5 10. dxc5 Bxc5 11. b4 Be7 12. Bb2 a5 13. b5 Qc7 14. Qe2 a4 15.
Rc1 Nc5 16. O-O b6 17. h3 Bb7 18. Nd4 Rfc8 19. Na2 e5 20. Nf5 Bf8 21. f4 Re8
22. fxe5 Nfe4 23. Nd6 Nxd6 24. exd6 Qxd6 25. Bxf7+ Kh8 26. Bxe8 Rxe8 27. Nc3
Qg3 28. Qf2 Qxf2+ 29. Rxf2 Nd3 30. Rd1 Nxf2 31. Kxf2 Bc5 32. Re1 Rf8+ 33. Kg1
Re8 34. Nd1 Kg8 35. Kh2 Re4 36. Re2 Bd6+ 37. Kg1 Rc4 38. Rd2 Bf8 39. Nc3 Rc5
40. Kf2 Rf5+ 41. Ke1 h5 42. e4 1/2-1/2

[Event "NB2 Barcza csoport"]
[Site "Fehergyarmat"]
[Date "2024.11.03"]
[Round "1.5"]
[White "Radai, Balazs"]
[Black "Olah, Francisc"]
[Result "1-0"]
[WhiteElo "1811"]
[BlackElo "1897"]
[PlyCount "83"]
[EventDate "2024.11.03"]
[EventType "team-tourn"]
[EventRounds "9"]
[EventCountry "HUN"]
[Source "chess.hu"]
[SourceDate "2024.11.04"]
[WhiteTeam "DEAC-Debr.Sakkiskola"]
[BlackTeam "Fehergyarmati SE"]
[WhiteTeamCountry "HUN"]
[BlackTeamCountry "HUN"]

1. c4 Nf6 2. Nc3 b6 3. g3 Bb7 4. Nf3 e6 5. Bg2 Bb4 6. O-O O-O 7. a3 Bxc3 8.
bxc3 d5 9. cxd5 exd5 10. Qc2 Nbd7 11. Re1 Re8 12. d3 h6 13. a4 a5 14. Nd4 Nc5
15. Ba3 Qd7 16. Bxc5 bxc5 17. Nb3 Qd6 18. Rab1 Bc6 19. Nd2 Rab8 20. Ra1 Qd7 21.
e4 dxe4 22. dxe4 Red8 23. Nc4 Qe8 24. Nxa5 Ba8 25. Nb3 Nd7 26. a5 Qe6 27. Nd2
Ne5 28. Re3 Qd6 29. Nb3 g6 30. f4 Ng4 31. Re2 c4 32. Nd4 c5 33. e5 Qc7 34. Nf3
Rd3 35. Ne1 Bxg2 36. Nxg2 Rb3 37. a6 Qa7 38. e6 fxe6 39. Rxe6 Kf7 40. Qe2 Nf6
41. Qe5 Nd5 42. Qe4 1-0

[Event "NB2 Barcza csoport"]
[Site "Fehergyarmat"]
[Date "2024.11.03"]
[Round "1.6"]
[White "Juhasz, Edmond"]
[Black "Ferku, Donat"]
[Result "1/2-1/2"]
[WhiteElo "1814"]
[BlackElo "1853"]
[PlyCount "171"]
[EventDate "2024.11.03"]
[EventType "team-tourn"]
[EventRounds "9"]
[EventCountry "HUN"]
[Source "chess.hu"]
[SourceDate "2024.11.04"]
[WhiteTeam "Fehergyarmati SE"]
[BlackTeam "DEAC-Debr.Sakkiskola"]
[WhiteTeamCountry "HUN"]
[BlackTeamCountry "HUN"]

1. e4 c5 2. Nf3 Nc6 3. Bb5 d6 4. Bxc6+ bxc6 5. O-O Nf6 6. Re1 e5 7. d3 h6 8.
Be3 Be7 9. Nbd2 Ng4 10. Nc4 Nxe3 11. Nxe3 O-O 12. Qe2 f5 13. Nxf5 Bxf5 14. exf5
Rxf5 15. Qe4 Qd7 16. Qg4 Raf8 17. Re4 Qe6 18. Qg3 Qf7 19. b3 h5 20. Rae1 g5 21.
R1e2 Kh8 22. c3 g4 23. Nh4 Bxh4 24. Qxh4 Qg7 25. Qg3 Qg5 26. Qe3 Qxe3 27. R4xe3
Kg7 28. Re4 Rf4 29. Kf1 Rxe4 30. Rxe4 Kf6 31. Ra4 Rf7 32. Ra6 Rc7 33. Ke2 d5
34. Ra5 Ke6 35. Rxc5 Kd6 36. Ra5 Rf7 37. Ra4 Kc5 38. h3 gxh3 39. gxh3 Kb6 40.
Rb4+ Kc7 41. Rh4 Rf5 42. Ke3 Rg5 43. Ke2 Kd6 44. Kf1 Rf5 45. Ke2 Kc7 46. c4 Kd6
47. cxd5 cxd5 48. Ra4 Rf7 49. Ra6+ Kc5 50. Rh6 Rf5 51. Rh7 a5 52. Ra7 Kb6 53.
Re7 Kc5 54. a3 Kc6 55. Re8 Kc5 56. Rd8 e4 57. dxe4 dxe4 58. Rc8+ Kd4 59. Rc4+
Kd5 60. Ra4 Rf3 61. Rxa5+ Ke6 62. Rxh5 Rxb3 63. a4 Ra3 64. a5 Kf6 65. Kf1 e3
66. fxe3 Rxe3 67. Kf2 Ra3 68. Ke2 Kg6 69. Re5 Rxh3 70. Re3 Rh2+ 71. Kd3 Ra2 72.
Re5 Kf6 73. Rb5 Ra4 74. Kc3 Ke6 75. Kb3 Ra1 76. Rg5 Kd7 77. Kb4 Kc7 78. Kb5
Rb1+ 79. Ka6 Ra1 80. Rb5 Ra2 81. Ka7 Rc2 82. a6 Rc6 83. Rb7+ Kc8 84. Rh7 Rg6
85. Rh2 Rc6 86. Rb2 1/2-1/2

[Event "NB2 Barcza csoport"]
[Site "Fehergyarmat"]
[Date "2024.11.03"]
[Round "1.7"]
[White "Kantor, Sandor Dr"]
[Black "Pasztor, Sandor"]
[Result "1/2-1/2"]
[WhiteElo "1883"]
[BlackElo "1822"]
[PlyCount "33"]
[EventDate "2024.11.03"]
[EventType "team-tourn"]
[EventRounds "9"]
[EventCountry "HUN"]
[Source "chess.hu"]
[SourceDate "2024.11.04"]
[WhiteTeam "DEAC-Debr.Sakkiskola"]
[BlackTeam "Fehergyarmati SE"]
[WhiteTeamCountry "HUN"]
[BlackTeamCountry "HUN"]

1. e4 Nf6 2. e5 Nd5 3. d4 d6 4. f4 Nc6 5. Nf3 Bf5 6. c3 e6 7. Be2 Be7 8. O-O
O-O 9. Bd3 Bxd3 10. Qxd3 dxe5 11. fxe5 h6 12. Qe4 Re8 13. Qg4 Kh8 14. Qh5 Rf8
15. h4 f6 16. Bxh6 gxh6 17. Qxh6+ 1/2-1/2

[Event "NB2 Barcza csoport"]
[Site "Fehergyarmat"]
[Date "2024.11.03"]
[Round "1.8"]
[White "Nagy Gy., Istvan"]
[Black "Toth, Tamas"]
[Result "1/2-1/2"]
[WhiteElo "1869"]
[BlackElo "1775"]
[PlyCount "130"]
[EventDate "2024.11.03"]
[EventType "team-tourn"]
[EventRounds "9"]
[EventCountry "HUN"]
[Source "chess.hu"]
[SourceDate "2024.11.04"]
[WhiteTeam "Fehergyarmati SE"]
[BlackTeam "DEAC-Debr.Sakkiskola"]
[WhiteTeamCountry "HUN"]
[BlackTeamCountry "HUN"]

1. e4 c6 2. d4 d5 3. e5 c5 4. c3 Nc6 5. Be3 cxd4 6. Bxd4 Nxd4 7. Qxd4 e6 8. Nd2
Ne7 9. Bd3 Ng6 10. h4 Qc7 11. Bb5+ Bd7 12. Bxd7+ Kxd7 13. Ngf3 Bc5 14. Qg4 Nxe5
15. Qxg7 Nd3+ 16. Kf1 Raf8 17. Nb3 Rhg8 18. Nxc5+ Qxc5 19. Qd4 Qb5 20. c4 Qxc4
21. Qxc4 dxc4 22. Rd1 Ke7 23. b3 b5 24. g3 Rd8 25. bxc4 bxc4 26. Ke2 Rg4 27.
Ne1 Nxf2 28. Rxd8 Nxh1 29. Ra8 Re4+ 30. Kf1 Nxg3+ 31. Kf2 Re2+ 32. Kxg3 Rxe1
33. Rxa7+ Kf6 34. Rc7 Ra1 35. Rxc4 Rxa2 36. Kg4 Ra5 37. h5 h6 38. Rc7 Ra4+ 39.
Kg3 e5 40. Rb7 Rf4 41. Rc7 Kg5 42. Rd7 f6 43. Rg7+ Kxh5 44. Rg8 f5 45. Re8 Re4
46. Re6 Re3+ 47. Kh2 f4 48. Re8 Kg4 49. Re7 Kf3 50. Rh7 Ke2 51. Rxh6 f3 52. Rf6
f2 53. Kg2 e4 54. Rxf2+ Kd1 55. Rf1+ Re1 56. Rf8 Ke2 57. Ra8 Rd1 58. Kg3 e3 59.
Ra2+ Rd2 60. Ra1 Rc2 61. Ra3 Kd2 62. Ra1 Rc1 63. Ra2+ Rc2 64. Ra1 e2 65. Kf2
Rb2 1/2-1/2

[Event "NB2 Barcza csoport"]
[Site "Fehergyarmat"]
[Date "2024.11.03"]
[Round "1.9"]
[White "Biro, Csilla"]
[Black "Tukacs, Laszlo"]
[Result "1-0"]
[WhiteElo "1650"]
[BlackElo "1771"]
[PlyCount "87"]
[EventDate "2024.11.03"]
[EventType "team-tourn"]
[EventRounds "9"]
[EventCountry "HUN"]
[Source "chess.hu"]
[SourceDate "2024.11.04"]
[WhiteTeam "DEAC-Debr.Sakkiskola"]
[BlackTeam "Fehergyarmati SE"]
[WhiteTeamCountry "HUN"]
[BlackTeamCountry "HUN"]

1. e4 e5 2. d4 exd4 3. Nf3 d6 4. Nxd4 Bd7 5. Nc3 Nf6 6. Bc4 Be7 7. O-O O-O 8.
Re1 Nc6 9. Nf3 Ne5 10. Nxe5 dxe5 11. b3 a6 12. Bb2 Bd6 13. Nd5 Be6 14. Nxf6+
Qxf6 15. Bd5 Rab8 16. Qe2 Qe7 17. Rad1 Bxd5 18. exd5 f6 19. f4 Rbe8 20. fxe5
fxe5 21. c4 b6 22. Rf1 Rxf1+ 23. Rxf1 a5 24. h3 Rf8 25. Rxf8+ Kxf8 26. Kf2 Qh4+
27. Kf1 Qf4+ 28. Ke1 g6 29. Qf2 Kf7 30. Qxf4+ exf4 31. Ke2 g5 32. Kf3 h5 33.
Ke4 g4 34. hxg4 hxg4 35. Bd4 Kg6 36. Bf2 Kg5 37. Be1 Bc5 38. Bd2 Bd6 39. g3 Kh5
40. Bxf4 Kg6 41. Bxd6 cxd6 42. Kf4 Kf6 43. Kxg4 Ke5 44. Kh5 1-0

[Event "NB2 Barcza csoport"]
[Site "Fehergyarmat"]
[Date "2024.11.03"]
[Round "1.10"]
[White "Poti, Laszlo"]
[Black "Bordos, Janos"]
[Result "0-1"]
[WhiteElo "1668"]
[BlackElo "1721"]
[PlyCount "93"]
[EventDate "2024.11.03"]
[EventType "team-tourn"]
[EventRounds "9"]
[EventCountry "HUN"]
[Source "chess.hu"]
[SourceDate "2024.11.04"]
[WhiteTeam "Fehergyarmati SE"]
[BlackTeam "DEAC-Debr.Sakkiskola"]
[WhiteTeamCountry "HUN"]
[BlackTeamCountry "HUN"]

1. e4 c5 2. Nf3 d6 3. Bb5+ Nc6 4. Bxc6+ bxc6 5. h3 g6 6. O-O Bg7 7. c3 e6 8. d4
cxd4 9. Nxd4 Qc7 10. Nf3 Nf6 11. Re1 O-O 12. Qc2 d5 13. exd5 cxd5 14. Be3 Bb7
15. Bd4 Nd7 16. Bxg7 Kxg7 17. Qe2 Qd6 18. Nbd2 Ba6 19. Qe3 Qb6 20. Qxb6 Nxb6
21. b3 Rfc8 22. Re3 Rc7 23. Rae1 Rac8 24. Nb1 Nd7 25. Rd1 Nc5 26. Nfd2 Bd3 27.
b4 Bxb1 28. Nxb1 Na4 29. Rdd3 Nb2 30. Rd4 Kf8 31. Re2 Nc4 32. Kf1 Ke7 33. f3
Kd6 34. f4 f6 35. Kf2 e5 36. fxe5+ fxe5 37. Rd3 Rf8+ 38. Rf3 Rcf7 39. Rxf7
Rxf7+ 40. Kg1 e4 41. Nd2 Nxd2 42. Rxd2 Rc7 43. Rc2 d4 44. c4 d3 45. c5+ Ke5 46.
Rc1 e3 47. Kf1 0-1

[Event "NB2 Barcza csoport"]
[Site "Fehergyarmat"]
[Date "2024.11.03"]
[Round "1.11"]
[White "Petnehazi, Peter"]
[Black "Nagy, Ludovic"]
[Result "0-1"]
[WhiteElo "1621"]
[BlackElo "1806"]
[PlyCount "56"]
[EventDate "2024.11.03"]
[EventType "team-tourn"]
[EventRounds "9"]
[EventCountry "HUN"]
[Source "chess.hu"]
[SourceDate "2024.11.04"]
[WhiteTeam "DEAC-Debr.Sakkiskola"]
[BlackTeam "Fehergyarmati SE"]
[WhiteTeamCountry "HUN"]
[BlackTeamCountry "HUN"]

1. d4 d5 2. c4 Nf6 3. Nc3 c6 4. Nf3 g6 5. Bf4 Bg7 6. e3 Qa5 7. Qb3 Ne4 8. cxd5
Nxc3 9. bxc3 cxd5 10. Bd3 O-O 11. O-O Nc6 12. e4 dxe4 13. Bxe4 Qd8 14. h4 e6
15. h5 Ne7 16. Bxb7 Bxb7 17. Qxb7 Nd5 18. Bd2 Qd6 19. Qb1 Rfc8 20. hxg6 hxg6
21. Qc1 e5 22. dxe5 Bxe5 23. Nxe5 Qxe5 24. c4 Nb6 25. Bc3 Qf5 26. Qh6 f6 27.
Rae1 Rc7 28. Re3 Rh7 0-1

[Event "NB2 Barcza csoport"]
[Site "Mezokovesd"]
[Date "2024.11.03"]
[Round "1.2"]
[White "Becskei, Zoltan"]
[Black "Kassay, Lilla"]
[Result "1-0"]
[WhiteElo "2230"]
[BlackElo "2067"]
[PlyCount "149"]
[EventDate "2024.11.03"]
[EventType "team-tourn"]
[EventRounds "9"]
[EventCountry "HUN"]
[Source "chess.hu"]
[SourceDate "2024.11.04"]
[WhiteTeam "Mezokovesd Zsory SE"]
[BlackTeam "M.Sportisk-KisBocsok"]
[WhiteTeamCountry "HUN"]
[BlackTeamCountry "HUN"]

1. e4 c5 2. Nf3 d6 3. d4 cxd4 4. Nxd4 Nf6 5. Nc3 a6 6. Bc4 e6 7. Bb3 Nbd7 8.
O-O Nc5 9. Re1 Be7 10. f4 Qc7 11. e5 dxe5 12. fxe5 Nfd7 13. Bf4 b5 14. Nf5 exf5
15. e6 Qa7 16. exd7+ Bxd7 17. Kh1 Be6 18. Nd5 Ne4 19. Rxe4 fxe4 20. Nc7+ Kf8
21. Bxe6 fxe6 22. Nxe6+ Kf7 23. Qd5 Bf6 24. Nc7+ Kg6 25. Qxe4+ Kf7 26. Qe6+ Kg6
27. Nxa8 Qxa8 28. Qg4+ Kf7 29. Qd7+ Kg6 30. Qd3+ Kf7 31. Qb3+ Kg6 32. Qd3+ Kf7
33. Rf1 Qd8 34. Qe4 Qe7 35. Qd5+ Qe6 36. Qh5+ g6 37. Qf3 Kg7 38. Qb7+ Be7 39.
Bd2 Rf8 40. Bc3+ Kg8 41. Rxf8+ Bxf8 42. a3 Qc4 43. Qf3 Be7 44. h3 Qe6 45. Qf2
h5 46. Qd4 Kf7 47. Qg7+ Ke8 48. Qe5 Kd7 49. Qxe6+ Kxe6 50. Kg1 Kf5 51. Kf2 Ke4
52. Ke2 Bd6 53. Bb4 Be5 54. b3 Bc7 55. Bd2 Bd6 56. a4 bxa4 57. bxa4 Bc5 58. Bc3
Bd6 59. Bg7 Bf4 60. Bb2 Be3 61. Bf6 Bf4 62. Bh4 Be3 63. c3 Bf4 64. Bf2 Bc1 65.
Kd1 Ba3 66. Kc2 Bd6 67. Kb3 Kd5 68. c4+ Kc6 69. Kc3 Bc7 70. Kd3 Kd7 71. Ke4 Ke6
72. Be3 Bd6 73. c5 Be7 74. c6 Kd6 75. Bc5+ 1-0

[Event "NB2 Barcza csoport"]
[Site "Mezokovesd"]
[Date "2024.11.03"]
[Round "1.3"]
[White "Zelena, Tamas"]
[Black "Kerek, Krisztian"]
[Result "1/2-1/2"]
[WhiteElo "1989"]
[BlackElo "2122"]
[PlyCount "22"]
[EventDate "2024.11.03"]
[EventType "team-tourn"]
[EventRounds "9"]
[EventCountry "HUN"]
[Source "chess.hu"]
[SourceDate "2024.11.04"]
[WhiteTeam "M.Sportisk-KisBocsok"]
[BlackTeam "Mezokovesd Zsory SE"]
[WhiteTeamCountry "HUN"]
[BlackTeamCountry "HUN"]

1. e4 d6 2. d4 Nf6 3. Nc3 e5 4. Bg5 h6 5. Bh4 Be7 6. Bg3 Nbd7 7. Nf3 exd4 8.
Qxd4 O-O 9. O-O-O a6 10. e5 dxe5 11. Nxe5 Nxe5 1/2-1/2

[Event "NB2 Barcza csoport"]
[Site "Mezokovesd"]
[Date "2024.11.03"]
[Round "1.4"]
[White "Zelei, Zoltan"]
[Black "Vanczak, Attila"]
[Result "1/2-1/2"]
[WhiteElo "2059"]
[BlackElo "2121"]
[PlyCount "81"]
[EventDate "2024.11.03"]
[EventType "team-tourn"]
[EventRounds "9"]
[EventCountry "HUN"]
[Source "chess.hu"]
[SourceDate "2024.11.04"]
[WhiteTeam "Mezokovesd Zsory SE"]
[BlackTeam "M.Sportisk-KisBocsok"]
[WhiteTeamCountry "HUN"]
[BlackTeamCountry "HUN"]

1. d4 Nf6 2. Nf3 d6 3. g3 Nc6 4. Bg2 Bg4 5. O-O e5 6. d5 Nb8 7. c4 a5 8. h3 Bf5
9. Nc3 Be7 10. Nh4 Bg6 11. Qb3 Qc8 12. e4 Nfd7 13. Nf5 Bf6 14. Be3 O-O 15. g4
h6 16. Rac1 Na6 17. Na4 Bxf5 18. gxf5 Bg5 19. Bxg5 hxg5 20. Qg3 Qd8 21. Kh1 Qf6
22. Rc3 Qh6 23. Bf3 Nf6 24. Kg2 b6 25. Rg1 Nh7 26. Re3 Nb4 27. Nc3 Nc2 28. Rd3
Nd4 29. Bd1 Rfe8 30. Nb5 Nxb5 31. cxb5 Nf6 32. Qe3 Qh4 33. Re1 Kf8 34. Rc3 Rac8
35. Qg3 Qh6 36. Bf3 Ke7 37. Rec1 Kd7 38. Rc4 Rh8 39. a4 Qh4 40. b3 Kd8 41. Bg4
1/2-1/2

[Event "NB2 Barcza csoport"]
[Site "Mezokovesd"]
[Date "2024.11.03"]
[Round "1.5"]
[White "Olear, Laszlo"]
[Black "Pap, Janos"]
[Result "1/2-1/2"]
[WhiteElo "2071"]
[BlackElo "2008"]
[PlyCount "40"]
[EventDate "2024.11.03"]
[EventType "team-tourn"]
[EventRounds "9"]
[EventCountry "HUN"]
[Source "chess.hu"]
[SourceDate "2024.11.04"]
[WhiteTeam "M.Sportisk-KisBocsok"]
[BlackTeam "Mezokovesd Zsory SE"]
[WhiteTeamCountry "HUN"]
[BlackTeamCountry "HUN"]

1. Nf3 Nf6 2. g3 d5 3. Bg2 g6 4. O-O Bg7 5. d4 O-O 6. c4 c6 7. b3 a5 8. Nc3 Bf5
9. Ne5 Ne4 10. Bb2 Nxc3 11. Bxc3 Be4 12. f3 Bf5 13. e4 Be6 14. Qe2 Nd7 15. exd5
cxd5 16. f4 Nf6 17. Rfe1 Qb6 18. Kh1 a4 19. c5 Qc7 20. b4 Bf5 1/2-1/2

[Event "NB2 Barcza csoport"]
[Site "Mezokovesd"]
[Date "2024.11.03"]
[Round "1.6"]
[White "Paal-Szucs, Attila"]
[Black "Horvath, Peter"]
[Result "0-1"]
[WhiteElo "2012"]
[BlackElo "1953"]
[PlyCount "102"]
[EventDate "2024.11.03"]
[EventType "team-tourn"]
[EventRounds "9"]
[EventCountry "HUN"]
[Source "chess.hu"]
[SourceDate "2024.11.04"]
[WhiteTeam "Mezokovesd Zsory SE"]
[BlackTeam "M.Sportisk-KisBocsok"]
[WhiteTeamCountry "HUN"]
[BlackTeamCountry "HUN"]

1. g3 d5 2. Bg2 Nf6 3. c4 c6 4. Nf3 dxc4 5. Na3 e6 6. Nxc4 Be7 7. O-O O-O 8. b3
Nbd7 9. Bb2 b5 10. Nfe5 Bb7 11. Bxc6 Nxe5 12. Nxe5 Bxc6 13. Nxc6 Qd7 14. Nxe7+
Qxe7 15. Rc1 Rfd8 16. Rc2 Nd5 17. a3 h5 18. Qa1 Qg5 19. d3 h4 20. Bc1 Qg6 21.
Bd2 Qh5 22. Ba5 Rdc8 23. Rfc1 Rxc2 24. Rxc2 Qg4 25. Qe5 h3 26. Qe4 Qh5 27. f4
Qg4 28. Kf2 Re8 29. Qf3 Qg6 30. Qe4 Qf6 31. Qe5 Qg6 32. e4 Nf6 33. Qxb5 Ng4+
34. Kf3 f5 35. Be1 Qh5 36. Ke2 Nxh2+ 37. Kf2 Nf3 38. g4 Qh4+ 39. Kxf3 Qxg4+ 40.
Ke3 Rf8 41. Qe5 fxe4 42. dxe4 h2 43. Rxh2 Qg1+ 44. Kf3 Qxh2 45. Qxe6+ Kh8 46.
Qd6 Qh1+ 47. Kg4 Rf6 48. Qd8+ Kh7 49. e5 Qg2+ 50. Bg3 Rg6+ 51. Kf5 Qc2+ 0-1

[Event "NB2 Barcza csoport"]
[Site "Mezokovesd"]
[Date "2024.11.03"]
[Round "1.7"]
[White "Ujpal, Balint"]
[Black "Hevesi, Zoltan"]
[Result "1-0"]
[WhiteElo "1928"]
[BlackElo "2015"]
[PlyCount "149"]
[EventDate "2024.11.03"]
[EventType "team-tourn"]
[EventRounds "9"]
[EventCountry "HUN"]
[Source "chess.hu"]
[SourceDate "2024.11.04"]
[WhiteTeam "M.Sportisk-KisBocsok"]
[BlackTeam "Mezokovesd Zsory SE"]
[WhiteTeamCountry "HUN"]
[BlackTeamCountry "HUN"]

1. Nf3 d5 2. g3 Nf6 3. Bg2 Nbd7 4. d4 e6 5. O-O Bd6 6. c4 c6 7. Nc3 O-O 8. Bf4
Qc7 9. e3 b6 10. Qa4 Bb7 11. cxd5 Nxd5 12. Nxd5 exd5 13. Rac1 Bxf4 14. gxf4 Qd6
15. Kh1 a5 16. Rg1 Qh6 17. Ne5 Nf6 18. Bf3 b5 19. Qc2 Rac8 20. Rg3 Rc7 21. Ng4
Nxg4 22. Rxg4 Bc8 23. Rg3 Qe6 24. Rcg1 f6 25. Bg4 Qe4+ 26. Qxe4 dxe4 27. Be2
Be6 28. a3 b4 29. axb4 axb4 30. Rc1 c5 31. Bc4 Bf7 32. dxc5 Rfc8 33. Bxf7+ Kxf7
34. Rc4 Rb8 35. Rg1 Rd7 36. Rgc1 Rd2 37. R4c2 Rd3 38. c6 b3 39. Rc3 Ke6 40. c7
Rc8 41. Kg1 Rxc3 42. Rxc3 Kd6 43. Kf1 Kd5 44. Ke2 g5 45. fxg5 fxg5 46. Kf1 h6
47. Kg2 Kd6 48. Rxb3 Rxc7 49. Rb6+ Ke5 50. b4 Rc4 51. Kg3 Kf5 52. b5 Rb4 53.
Rb8 Kg6 54. b6 Kh5 55. b7 Rb1 56. Kg2 Rb4 57. Kf1 Kg4 58. Kg2 h5 59. h3+ Kh4
60. Re8 Rxb7 61. Rxe4+ g4 62. hxg4 hxg4 63. Re8 Rf7 64. Rg8 Kh5 65. Kf1 Ra7 66.
Rf8 Rg7 67. Ke2 Kh6 68. e4 g3 69. Rh8+ Kg5 70. fxg3 Kg4 71. Kf2 Rf7+ 72. Kg2
Ra7 73. Rg8+ Kh5 74. Kf3 Rf7+ 75. Ke3 1-0

[Event "NB2 Barcza csoport"]
[Site "Mezokovesd"]
[Date "2024.11.03"]
[Round "1.8"]
[White "Sallai, Janos"]
[Black "Szurovszky, Elek"]
[Result "0-1"]
[WhiteElo "1897"]
[BlackElo "1947"]
[PlyCount "63"]
[EventDate "2024.11.03"]
[EventType "team-tourn"]
[EventRounds "9"]
[EventCountry "HUN"]
[Source "chess.hu"]
[SourceDate "2024.11.04"]
[WhiteTeam "Mezokovesd Zsory SE"]
[BlackTeam "M.Sportisk-KisBocsok"]
[WhiteTeamCountry "HUN"]
[BlackTeamCountry "HUN"]

1. e4 e5 2. Nf3 Nc6 3. Bb5 Bc5 4. O-O d6 5. h3 Bd7 6. c3 a6 7. Ba4 b5 8. Bb3
Qf6 9. d3 h6 10. Be3 Nge7 11. Qe2 Ng6 12. Bd5 Rb8 13. b4 Bb6 14. Nbd2 Nce7 15.
Bb3 Nf4 16. Bxf4 Qxf4 17. Kh1 g5 18. g3 Qf6 19. Ng1 h5 20. Kg2 Ng6 21. Qf3 Qg7
22. Kh2 g4 23. Qe2 h4 24. Qd1 gxh3 25. Ne2 Nf4 26. Nf3 Ke7 27. d4 Rbg8 28. Rg1
Ng2 29. Qd3 Bg4 30. Rad1 Qf6 31. Nxh4 Nxh4 32. gxh4 0-1

[Event "NB2 Barcza csoport"]
[Site "Mezokovesd"]
[Date "2024.11.03"]
[Round "1.10"]
[White "Kelemen, Gyorgy"]
[Black "Simon, Balint"]
[Result "1-0"]
[WhiteElo "1975"]
[BlackElo "1751"]
[PlyCount "66"]
[EventDate "2024.11.03"]
[EventType "team-tourn"]
[EventRounds "9"]
[EventCountry "HUN"]
[Source "chess.hu"]
[SourceDate "2024.11.04"]
[WhiteTeam "Mezokovesd Zsory SE"]
[BlackTeam "M.Sportisk-KisBocsok"]
[WhiteTeamCountry "HUN"]
[BlackTeamCountry "HUN"]

1. e4 c5 2. Nf3 Nc6 3. Bb5 e6 4. O-O Nge7 5. Re1 a6 6. Bf1 Ng6 7. d4 cxd4 8.
Nxd4 Be7 9. Be3 O-O 10. c3 Qc7 11. Nd2 Rd8 12. N2f3 d5 13. exd5 Rxd5 14. Qc1 h6
15. Nxc6 Qxc6 16. Qc2 Bf6 17. Bd3 Rxd3 18. Qxd3 e5 19. Nd2 Be6 20. Ne4 Be7 21.
Ng3 Nh4 22. f3 f5 23. Bf2 f4 24. Ne4 Bc4 25. Qc2 Qg6 26. Bxh4 Bxh4 27. Red1
Qb6+ 28. Kh1 Rf8 29. b3 Bf7 30. Rd6 Qe3 31. Qd2 Bh5 32. Qxe3 fxe3 33. Ng3 Bg6
1-0

[Event "NB2 Barcza csoport"]
[Site "Mezokovesd"]
[Date "2024.11.03"]
[Round "1.11"]
[White "Homolya, Daniel"]
[Black "Molnar, Marton Adam"]
[Result "1-0"]
[WhiteElo "1709"]
[BlackElo "1600"]
[PlyCount "65"]
[EventDate "2024.11.03"]
[EventType "team-tourn"]
[EventRounds "9"]
[EventCountry "HUN"]
[Source "chess.hu"]
[SourceDate "2024.11.04"]
[WhiteTeam "M.Sportisk-KisBocsok"]
[BlackTeam "Mezokovesd Zsory SE"]
[WhiteTeamCountry "HUN"]
[BlackTeamCountry "HUN"]

1. e4 c5 2. Nf3 d6 3. d4 cxd4 4. Nxd4 Nf6 5. Nc3 a6 6. Be2 e5 7. Nb3 Be6 8. Bg5
Nbd7 9. a4 Be7 10. Bf3 O-O 11. O-O Rc8 12. Qd2 Qc7 13. Rac1 Rfd8 14. Bxf6 Nxf6
15. Rfd1 h6 16. Qe3 Nd7 17. Nd2 Bg5 18. Qe1 Nb6 19. h4 Bxd2 20. Rxd2 Nc4 21.
Nd5 Bxd5 22. Rxd5 Qe7 23. Qb4 Rc6 24. a5 Qc7 25. b3 Nb2 26. c4 Rc5 27. Qc3 Rxd5
28. exd5 e4 29. Bxe4 Qe7 30. Bc2 Qxh4 31. Qxb2 Re8 32. Qc3 Re5 33. Re1 1-0

[Event "NB2 Barcza csoport"]
[Site "Kazincbarcika"]
[Date "2024.11.03"]
[Round "1.1"]
[White "Karolyi, Tibor"]
[Black "Hando, Vilmos"]
[Result "1/2-1/2"]
[WhiteElo "2318"]
[BlackElo "2377"]
[PlyCount "47"]
[EventDate "2024.11.03"]
[EventType "team-tourn"]
[EventRounds "9"]
[EventCountry "HUN"]
[Source "chess.hu"]
[SourceDate "2024.11.04"]
[WhiteTeam "CLUB-MATE Edeleny 1"]
[BlackTeam "Kazincbarcika VSC"]
[WhiteTeamCountry "HUN"]
[BlackTeamCountry "HUN"]

1. d4 Nf6 2. c4 g6 3. Nc3 Bg7 4. e4 d6 5. h3 O-O 6. Be3 e5 7. d5 a5 8. Bd3 Na6
9. Nge2 c6 10. Qd2 cxd5 11. exd5 Nd7 12. g4 Ndc5 13. Bc2 Bd7 14. Bh6 Nb4 15.
Bxg7 Kxg7 16. O-O-O b5 17. cxb5 a4 18. Nd4 Nxa2+ 19. Nxa2 exd4 20. Qxd4+ Kg8
21. Nc3 Qa5 22. h4 f6 23. g5 fxg5 24. hxg5 1/2-1/2

[Event "NB2 Barcza csoport"]
[Site "Kazincbarcika"]
[Date "2024.11.03"]
[Round "1.3"]
[White "Barva, Attila Dr"]
[Black "Csala, Jan"]
[Result "1/2-1/2"]
[WhiteElo "2365"]
[BlackElo "2065"]
[PlyCount "60"]
[EventDate "2024.11.03"]
[EventType "team-tourn"]
[EventRounds "9"]
[EventCountry "HUN"]
[Source "chess.hu"]
[SourceDate "2024.11.04"]
[WhiteTeam "CLUB-MATE Edeleny 1"]
[BlackTeam "Kazincbarcika VSC"]
[WhiteTeamCountry "HUN"]
[BlackTeamCountry "HUN"]

1. d4 Nf6 2. Bf4 c5 3. d5 d6 4. Nc3 g6 5. e4 Bg7 6. Bb5+ Nfd7 7. a4 O-O 8. Nf3
Ne5 9. Nxe5 Bxe5 10. Bxe5 dxe5 11. a5 Na6 12. O-O Qd6 13. Qd2 Bd7 14. Ra3 Nc7
15. Bxd7 Qxd7 16. Na4 Na6 17. Rh3 f6 18. Qh6 Rf7 19. b3 Qb5 20. f4 exf4 21.
Qxf4 Raf8 22. Qd2 Qb4 23. Qxb4 cxb4 24. c4 bxc3 25. Rxc3 e6 26. d6 Rd8 27. Rd1
e5 28. Kf2 Rfd7 29. b4 Nxb4 30. Nc5 Rxd6 1/2-1/2

[Event "NB2 Barcza csoport"]
[Site "Kazincbarcika"]
[Date "2024.11.03"]
[Round "1.4"]
[White "Karolyfalvi, Zoltan"]
[Black "Vodila, Martin Botond"]
[Result "1/2-1/2"]
[WhiteElo "2088"]
[BlackElo "2243"]
[PlyCount "38"]
[EventDate "2024.11.03"]
[EventType "team-tourn"]
[EventRounds "9"]
[EventCountry "HUN"]
[Source "chess.hu"]
[SourceDate "2024.11.04"]
[WhiteTeam "Kazincbarcika VSC"]
[BlackTeam "CLUB-MATE Edeleny 1"]
[WhiteTeamCountry "HUN"]
[BlackTeamCountry "HUN"]

1. d4 Nf6 2. Nf3 e6 3. Bg5 Be7 4. Nbd2 d5 5. e3 O-O 6. Bd3 Nbd7 7. O-O h6 8.
Bh4 c5 9. c3 b6 10. Qe2 Bb7 11. Rad1 Ne4 12. Bxe7 Qxe7 13. Bxe4 dxe4 14. Ne5
Nxe5 15. dxe5 Qc7 16. Nc4 Ba6 17. Rd6 Rfd8 18. Rfd1 Rxd6 19. Rxd6 Bxc4 1/2-1/2